Movies Quiz

Random Movies or Year Quiz
Score 0/25 Timer 04:00
0 Plays Today
% Correct
Beauty
97.2%
Black
97.1%
Born
97%
Bohemian
96.9%
Blade
96.4%
Bourne
94.7%
Being
93.7%
Bad
91.8%
Book
91.2%
Bureau
90.6%
Before
90.5%
Breaking
89.7%
Bodies
86.7%
% Correct
Batman
86.4%
Big
86.3%
Ballad
84.5%
Beautiful
84.5%
Bridges
83.5%
Blood
82.6%
Battle
82.1%
Best
78.4%
Bling
78.1%
Burt
77.4%
Boom
74.8%
Bigger
64.9%
Remove Ads.
Support Sporcle.
Get the best of Sporcle when you Go Orange. This ad-free experience offers more features, more stats, and more fun while also helping to support Sporcle. Thank you for becoming a member.

You're not logged in!

Compare scores with friends on all Sporcle quizzes.
OR
Log In

Show Comments

Extras

Top Quizzes Today


Score Distribution

Your Account Isn't Verified!

In order to create a playlist on Sporcle, you need to verify the email address you used during registration. Go to your Sporcle Settings to finish the process.

Report this User

Report this user for behavior that violates our Community Guidelines.

Details: